<?xml version="1.0" encoding="UTF-8"?>
<record
    xmlns:xsi="http://www.w3.org/2001/XMLSchema-instance"
    xsi:schemaLocation="http://www.loc.gov/MARC21/slim http://www.loc.gov/standards/marcxml/schema/MARC21slim.xsd"
    xmlns="http://www.loc.gov/MARC21/slim">

  <leader>01117cam a22003251  4500</leader>
  <controlfield tag="001">gs 55000308 </controlfield>
  <controlfield tag="003">DLC</controlfield>
  <controlfield tag="005">20260227111403.0</controlfield>
  <controlfield tag="008">760218s1955    azu      b   s000 0 engx </controlfield>
  <datafield tag="010" ind1=" " ind2=" ">
    <subfield code="a">gs 55000308 </subfield>
  </datafield>
  <datafield tag="035" ind1=" " ind2=" ">
    <subfield code="a">(OCoLC)1999006</subfield>
  </datafield>
  <datafield tag="040" ind1=" " ind2=" ">
    <subfield code="a">DLC</subfield>
    <subfield code="c">AzFU</subfield>
    <subfield code="d">OCoLC</subfield>
    <subfield code="d">DLC</subfield>
  </datafield>
  <datafield tag="042" ind1=" " ind2=" ">
    <subfield code="a">premarc</subfield>
  </datafield>
  <datafield tag="050" ind1="0" ind2="0">
    <subfield code="a">QE375</subfield>
    <subfield code="b">.M6</subfield>
  </datafield>
  <datafield tag="051" ind1=" " ind2=" ">
    <subfield code="a">TN24.A6</subfield>
    <subfield code="b">A35 no. 165</subfield>
    <subfield code="c">Copy 2.</subfield>
  </datafield>
  <datafield tag="086" ind1="0" ind2=" ">
    <subfield code="a">MN 1.3:B 85/165</subfield>
    <subfield code="2">azdocs</subfield>
  </datafield>
  <datafield tag="100" ind1="1" ind2=" ">
    <subfield code="a">Moore, Richard T</subfield>
  </datafield>
  <datafield tag="245" ind1="1" ind2="0">
    <subfield code="a">One hundred Arizona minerals.</subfield>
  </datafield>
  <datafield tag="260" ind1=" " ind2=" ">
    <subfield code="a">Tucson,</subfield>
    <subfield code="b">University of Arizona,</subfield>
    <subfield code="c">1955.</subfield>
  </datafield>
  <datafield tag="300" ind1=" " ind2=" ">
    <subfield code="a">31 p.</subfield>
    <subfield code="c">23 cm.</subfield>
  </datafield>
  <datafield tag="490" ind1="1" ind2=" ">
    <subfield code="a">Arizona. Bureau of Mines. Bulletin</subfield>
    <subfield code="v">no. 165</subfield>
  </datafield>
  <datafield tag="490" ind1="1" ind2=" ">
    <subfield code="a">Mineral technology series</subfield>
    <subfield code="v">no. 49</subfield>
  </datafield>
  <datafield tag="500" ind1=" " ind2=" ">
    <subfield code="a">Reprinted 1966.</subfield>
  </datafield>
  <datafield tag="500" ind1=" " ind2=" ">
    <subfield code="a">University of Arizona bulletin, v. 26, no. 1, Jan. 1955.</subfield>
  </datafield>
  <datafield tag="504" ind1=" " ind2=" ">
    <subfield code="a">Bibliography: p.31.</subfield>
  </datafield>
  <datafield tag="650" ind1=" " ind2="0">
    <subfield code="a">Mineralogy</subfield>
    <subfield code="z">Arizona.</subfield>
  </datafield>
  <datafield tag="810" ind1="2" ind2=" ">
    <subfield code="a">University of Arizona.</subfield>
    <subfield code="b">State Bureau of Mines.</subfield>
    <subfield code="t">Bulletin ;</subfield>
    <subfield code="v">no. 165.</subfield>
  </datafield>
  <datafield tag="810" ind1="2" ind2=" ">
    <subfield code="a">University of Arizona.</subfield>
    <subfield code="b">State Bureau of Mines.</subfield>
    <subfield code="t">Mineral technology series ;</subfield>
    <subfield code="v">no. 49.</subfield>
  </datafield>
  <datafield tag="830" ind1=" " ind2="0">
    <subfield code="a">Bulletin (University of Arizona) ;</subfield>
    <subfield code="v">v. 26, no. 1.</subfield>
  </datafield>
  <datafield tag="999" ind1=" " ind2=" ">
    <subfield code="c">28997</subfield>
    <subfield code="d">28997</subfield>
  </datafield>
</record>
